000 00780nas a2200253 4500
001 BR9101088
003 BR-BrBNA
005 20231205091944.0
007 ta
008 230509b bl.|||p| |||| 00| 00por d
040 _aBR-BrBNA
_bpor
_cBiblioteca Nacional de Agricultura
041 _a(Pt)
072 _aL73
100 1 _aSantos, I.C.S.
100 1 _aMartins, J.R. de S.
100 1 _aLaranja, R.J.
100 1 _aTolfo, N.T.
245 1 _aMyocastor coypus, 1782, reservatorio natural de Paramphistomum FISCHOEDER, 1901, no Rio Grande do Sul
650 _aRATAO-DO-BANHADO
650 _aTREMATODEO
773 0 _tLavoura Arrozeira (Brazil)
_xISSN 0023-9143
_g(Aug 1984), v. 37(353) p. 54
_wBR9101088
909 _a202311
_bLúcia
_c55
_dLúcia Elande
942 _2AGRIS
_n0
_cANA
999 _c128349
_d128349